Catalyst Handbook: (Record no. 11954)
[ view plain ]
| 000 -LEADER | |
|---|---|
| fixed length control field | 00898cam a2200265 4500 |
| 001 - CONTROL NUMBER | |
| control field | 2202744 |
| 005 - DATE AND TIME OF LATEST TRANSACTION | |
| control field | 20161025112754.0 |
| 008 - FIXED-LENGTH DATA ELEMENTS--GENERAL INFORMATION | |
| fixed length control field | 710323s1970 enka b 001 0 eng |
| 010 ## - LIBRARY OF CONGRESS CONTROL NUMBER | |
| LC control number | 73543361 |
| 015 ## - NATIONAL BIBLIOGRAPHY NUMBER | |
| National bibliography number | B70-23243 |
| 020 ## - INTERNATIONAL STANDARD BOOK NUMBER | |
| International Standard Book Number | 0723401640 |
| 040 ## - CATALOGING SOURCE | |
| Original cataloging agency | DLC |
| Transcribing agency | DLC |
| Modifying agency | DLC |
| 050 00 - LIBRARY OF CONGRESS CALL NUMBER | |
| Classification number | TP159.C3 |
| Item number | I46 |
| 082 00 - DEWEY DECIMAL CLASSIFICATION NUMBER | |
| Classification number | 660.2995 |
| Edition number | 22 |
| Item number | CAT |
| 110 2# - MAIN ENTRY--CORPORATE NAME | |
| Corporate name or jurisdiction name as entry element | Imperial Chemical Industries, ltd. |
| Subordinate unit | Agricultural Division. |
| 9 (RLIN) | 6660 |
| 245 10 - TITLE STATEMENT | |
| Title | Catalyst Handbook: |
| Remainder of title | with special reference to unit processes in ammonia and hydrogen manufacture; |
| Statement of responsibility, etc | [prepared by the research chemists and engineers of the Agricultural Division of I.C.I.]. |
| 260 ## - PUBLICATION, DISTRIBUTION, ETC. (IMPRINT) | |
| Place of publication, distribution, etc | London: |
| Name of publisher, distributor, etc | Wolfe Scientific books, |
| Date of publication, distribution, etc | 1970. |
| 300 ## - PHYSICAL DESCRIPTION | |
| Extent | 231 p.: |
| Other physical details | ill. ; |
| Dimensions | 26 cm. |
| 350 ## - PRICE (NR) (BK AM CF MU VM SE) [OBSOLETE] | |
| Price | 63/- |
| 504 ## - BIBLIOGRAPHY, ETC. NOTE | |
| Bibliography, etc | Bibliography: p. 182-184. |
| 650 #0 - SUBJECT ADDED ENTRY--TOPICAL TERM | |
| Topical term or geographic name as entry element | Hydrogen. |
| 9 (RLIN) | 6662 |
| 650 #0 - SUBJECT ADDED ENTRY--TOPICAL TERM | |
| Topical term or geographic name as entry element | Ammonia. |
| 9 (RLIN) | 6663 |
| 650 #0 - SUBJECT ADDED ENTRY--TOPICAL TERM | |
| 9 (RLIN) | 6661 |
| Topical term or geographic name as entry element | Catalysts |
| 942 ## - ADDED ENTRY ELEMENTS (KOHA) | |
| Source of classification or shelving scheme | Dewey Decimal Classification |
| Item type | Book - Borrowing |
| Withdrawn status | Item status | Source of classification or shelving scheme | Damaged status | Not for loan | Vendor | Home library | Current library | Shelving location | Date acquired | Source of acquisition | Cost, normal purchase price | Total Checkouts | Total Renewals | Full call number | Barcode | Date last seen | Date last borrowed | Koha item type |
|---|---|---|---|---|---|---|---|---|---|---|---|---|---|---|---|---|---|---|
| Dewey Decimal Classification | Alef-Baa | Central Library | Central Library | First floor | 23/06/2009 | 150.00 | 2 | 29 | 660.2995 CAT | 000017027 | 15/07/2025 | 06/11/2016 | Book - Borrowing |